00949nam a2200265 a 450000100100000000500170001000800410002704000250006808200170009310000340011024500310014426000570017530000170023249000260024959000260027550000320030150000770033365000180041065000320042865000210046083000330048191000370051495201150055199900170066600004850220240731114020.0090629s2015 dr 000 0 spa d aDO-SdBNPbspacBNPHU a335.4bM392c1 aMarx, Carlosd1818-18839597513aEl capital /cCarlos Marx. aSanto Domingo :bEdiciones Triunfo Comunista,c2015. av. ;c24 cm.1 aTriunfo comunistav37 aInventariado, 2019/VM aLa biblioteca posee el v. 1 aIncluye referencias bibliográficas y notas al final de los capítulos 0aCapital93797 0aEconomía política95976 0aCapitalismo9280 0aTriunfo comunistav37975922 aValidado. Control de calidad MFF 0010718PDaPDbPDcHDd2019-03-25iLF1l0o335.4 M392cp48502-10r2020-06-25w2020-06-25yLFPDZNo se presta c47990d47990